Science Quiz

Random Science or Chemistry Quiz

Compound by Chemical Formula Quiz Stats

 Plays Quiz Updated Aug 13, 2014

Score 0/30 Timer 07:00
10 Plays Today
Formula Name % Correct
H2OWater
96.1%
CO2Carbon Dioxide
94.5%
NaClSodium Chloride
87.3%
O2Dioxygen
83.8%
COCarbon Monoxide
83.3%
HClHydrogen Chloride
82%
H2Hydrogen Gas
79.7%
NaOHSodium Hydroxide
73%
ZnCl2Zinc Chloride
70.1%
LiFLithium Fluoride
67.8%
CaSO4Calcium Sulfate
66.4%
Ba(OH)2Barium Hydroxide
62.9%
Cl2Chlorine Gas
61.8%
NH3Ammonia
54.3%
AgNO3Silver Nitrate
53.8%
Formula Name % Correct
HNO3Nitric Acid
51.9%
MgBr2Magnesium Bromide
50.2%
H2SDihydrogen Sulfide
48.7%
Al2O3Aluminum Oxide
48%
CsOHCesium Hydroxide
41.3%
Na3PO4Sodium Phosphate
41.2%
HIHydrogen Iodide
40.9%
Fe(NO3)3Iron(III) Nitrate
33%
BF3Boron Trifluoride
29.5%
CuCl2Copper(II) Chloride
28.5%
PbI2Lead(II) Iodide
27.6%
H3PO4Phosphoric Acid
26.7%
HC2H3O2Acetic Acid
26.3%
AgC2H3O2Silver Acetate
23%
XeF4Xenon Tetrafluoride
22.1%

You're not logged in!

Compare scores with friends on all Sporcle quizzes.
OR
Log In

You Might Also Like...

Show Comments

Extras

Top Quizzes Today


Score Distribution

Your Account Isn't Verified!

In order to create a playlist on Sporcle, you need to verify the email address you used during registration. Go to your Sporcle Settings to finish the process.

Report this User

Report this user for behavior that violates our Community Guidelines.

Details: